00776nam a2200193 4500001000700000003000900007005001700016007000300033008004100036100002700077245015900104260004700263300003000310700002900340700004000369852003200409999001900441952012200460127583ES-MaACL20230906193036.0t|070214s1970 sp r ||||1| spa d1 aRiggs, James L.99720510aReducción de costos mediante la programación por el camino crítico /cJames L. Riggs, Charles D. Heath ; traducción de José Luis Baró Sharkey. aBarcelona : bEd. Hispano Europea, c1970. a286 p. : bil. ; c25 cm.1 aHeath, Charles D.9622491 aBaró Sharkey, José Luis.925747 aES-MaACLjC-37334 bR.76456 c127583d127583 00104070aATENEOMbATENEOMcDEPO2d2008-01-17eSCl0oC-37334p1132882r2023-02-23 00:00:00w2023-02-23yMONOGRAFIA